00829cam a22002295a 450000500170000001000230001702000260004003500230006603700270008903700210011608200060013710000280014324500970017126000380026827000490030630000270035550000110038250000420039352000790043560000650051470000200057920110811143752.0 aB-428623 B-460772 a9788189738457c995.00 aB-428623 B-460772 bResearchco Book Centre bVirtuous Pub/Ven aN1 aKishore, Girirajd1937-14aThe Girmitiya Saga /cGiriraj Kishore ; translated from the Hindi original by Prajapati Sah. aNew Delhi :bNiyogi Books,c2010. aD-78, Okhla Industrial Area, Ph-IbNew Delhi a1026 p. ;c25 cm. (Hb) aNovel. a"Recipient of the Vyas Samman, 2000." aBased on the life of Mahatma Gandhi, 1869-1948, statesman in South Africa.10aGandhi,cMahatma,d1869-1948xTravelzSouth AfricavFiction.1 aSah, Prajapati.